A question of priorities : New strategies for our urbanized world
保存先:
| 第一著者: | |
|---|---|
| フォーマット: | 図書 |
| 言語: | Undetermined |
| 出版事項: |
New York
Morrow
1970
|
| 主題: | |
| タグ: |
タグ追加
タグなし, このレコードへの初めてのタグを付けませんか!
|
| Thư viện lưu trữ: | Trung tâm Học liệu Trường Đại học Cần Thơ |
|---|
| LEADER | 00601nam a2200193Ia 4500 | ||
|---|---|---|---|
| 001 | CTU_90322 | ||
| 008 | 210402s9999 xx 000 0 und d | ||
| 082 | |a 309.1 | ||
| 082 | |b H634 | ||
| 100 | |a Higbee, Edward Counselman | ||
| 245 | 2 | |a A question of priorities : | |
| 245 | 0 | |b New strategies for our urbanized world | |
| 245 | 0 | |c Edward Higbee; With an introduction by R. Buckminster Fuller | |
| 260 | |a New York | ||
| 260 | |b Morrow | ||
| 260 | |c 1970 | ||
| 650 | |a Technology and civilization,Urbanization | ||
| 904 | |i Bằng,Hải | ||
| 980 | |a Trung tâm Học liệu Trường Đại học Cần Thơ | ||